Statystyki dla 15 najbardziej dotkniętych krajów Covid-19 - 8 mar 2021

Kliknij tutaj aby rozwiązać quiz!

Ogólne statystyki

  • Ten quiz został rozwiązany 31 razy
  • Średni wynik to 14 z 27

Statystyki odpowiedzi

kraj% Poprawnych
Polska
96%
Stany Zjednoczone
96%
Francja
93%
Niemcy
93%
Hiszpania
79%
Rosja
79%
Włochy
79%
Brazylia
75%
Wielka Brytania
68%
Indie
64%
Meksyk
61%
Czechy
57%
Argentyna
50%
Portugalia
50%
Iran
46%
Szwecja
46%
Turcja
43%
Holandia
39%
Belgia
36%
Szwajcaria
32%
Kolumbia
25%
Słowenia
25%
Izrael
18%
Litwa
18%
Panama
11%
Bahrajn
7%
Gruzja
7%

Rozkład punktacji

Percentyl według liczby udzielonych odpowiedzi

Procent ludzi z każdym wynikiem

Twoja historia wyników

Nie rozwiązałeś tego quizu